| 000 | 00782nam a2200241 4500 | ||
|---|---|---|---|
| 003 | OSt | ||
| 005 | 20260601193839.0 | ||
| 008 | 260504t1955 enka|||| |||| 00| 0 eng d | ||
| 040 |
_aICI _bspa _cICI |
||
| 041 |
_aeng _gger |
||
| 050 |
_aNA7451 _bY615 1955 |
||
| 100 | 1 |
_aYoshida, Tetsuro, _eautor. |
|
| 245 | 1 |
_aThe japanese house and garden / _cTetsuro Yoshida ; translated from the German by Marcus Q. Sims. |
|
| 264 |
_aLondon : _bArchitectural Press, _c1955 |
||
| 300 |
_a204 páginas : _bilustraciones |
||
| 336 |
_atexto _2rdacontent |
||
| 337 |
_asin medio _2rdamedia |
||
| 338 |
_avolumen _2rdacarrier |
||
| 500 | _aTitulo original: Das japanische wohnhaus. | ||
| 650 | 1 |
_2Arquitectura doméstica _xJapón |
|
| 700 |
_aSims, Marcus Q., _etraductor |
||
| 942 |
_2lcc _cB _n1 |
||
| 999 |
_c21359 _d21359 |
||